MARC

LEADER 00000nbm0a2200000 4500
001 135719
005 20231031140214.0
035 |a (RuTPU)RU\TPU\book\147083 
090 |a 135719 
100 |a 20080414d1970 k y0rusy50 ca 
101 0 |a rus 
102 |a RU 
105 |a a m 001zy 
200 1 |a Вопросы теории и проектирования униполярного генератора переменного тока  |e диссертация на соискание ученой степени кандидата технических наук  |f А. Д. Чесалин  |g Томский политехнический институт (ТПИ), Научно-исследовательский институт автоматики и электромеханики (НИИ АЭМ) ; науч. рук. Г. А. Сипайлов 
210 |a Томск  |d 1970 
215 |a 162 л.  |c ил. 
320 |a Библиогр.: с.155 -162 ( 70 назв.) 
610 1 |a генераторы переменного тока 
610 1 |a униполярные генераторы 
610 1 |a проектирование 
610 1 |a электрические цепи 
610 1 |a ротор 
610 1 |a сопротивление 
610 1 |a проектирование 
610 1 |a электромагнитные нагрузки 
610 1 |a режимы 
610 1 |a экспериментальное исследование 
610 1 |a диссертации 
610 1 |a труды учёных ТПУ 
675 |a 621.313.12(04)  |v 3 
700 1 |a Чесалин  |b А. Д.  |c специалист в области электротехники  |c доцент Томского политехнического университета, кандидат технических наук  |f 1935-  |g Анатолий Дмитриевич  |2 stltpush  |3 (RuTPU)RU\TPU\pers\29591 
702 1 |a Сипайлов  |b Г. А.  |c специалист в области электромеханики  |c профессор Томского политехнического университета  |f 1920-2004  |g Геннадий Антонович  |2 stltpush  |3 (RuTPU)RU\TPU\pers\12400  |4 727 
712 0 2 |a Томский политехнический институт (ТПИ)  |b Научно-исследовательский институт автоматики и электромеханики (НИИ АЭМ)  |2 stltpush  |3 (RuTPU)RU\TPU\col\14444 
801 1 |a RU  |b 63413507  |c 20080414  |g PSBO 
801 2 |a RU  |b 63413507  |c 20150907  |g RCR 
942 |c BK